BIBLIOTECA

SENCICO

Colocación y cálculo de coordenadas de puntos topográficos / (Registro nro. 4221)

Detalles MARC
000 -LEADER
fixed length control field 00983nam a22002417a 4500
003 - CONTROL NUMBER IDENTIFIER
control field PE SENCICO BE
005 - DATE AND TIME OF LATEST TRANSACTION
control field 20251020182639.0
008 - FIXED-LENGTH DATA ELEMENTS--GENERAL INFORMATION
fixed length control field 230703b |||||||| |||| 00| 0 eng d
040 ## - CATALOGING SOURCE
Original cataloging agency PE SENCICO BE
Transcribing agency PE SENCICO BE
041 ## - LANGUAGE CODE
Language code of text/sound track or separate title spa
084 ## - OTHER CLASSIFICATION NUMBER
Classification number I
-- TOP
-- 2017
Item number C93
100 1# - MAIN ENTRY--PERSONAL NAME
9 (RLIN) 1199
Personal name Chumacero Alzamora, Aldo Zecarlos
245 1# - TITLE STATEMENT
Title Colocación y cálculo de coordenadas de puntos topográficos /
Statement of responsibility, etc. Aldo Zecarlos Chumacero Alzamora
260 ## - PUBLICATION, DISTRIBUTION, ETC.
Place of publication, distribution, etc. Lima :
Date of publication, distribution, etc. 2017
300 ## - PHYSICAL DESCRIPTION
Extent 28 h. :
Other physical details il. col., tabls. ;
Dimensions 29 cm.
502 ## - DISSERTATION NOTE
Dissertation note Monografía de Titulación.-- Servicio Nacional de Capacitación para la Industria de la Construcción. Escuela Superior Técnica. Carrera Profesional Técnica en Topografía y Geodesía, 2017.
650 14 - SUBJECT ADDED ENTRY--TOPICAL TERM
9 (RLIN) 4
Topical term or geographic name entry element Topografía
650 24 - SUBJECT ADDED ENTRY--TOPICAL TERM
9 (RLIN) 2
Topical term or geographic name entry element Geodesia
650 24 - SUBJECT ADDED ENTRY--TOPICAL TERM
9 (RLIN) 911
Topical term or geographic name entry element GPS
710 1# - ADDED ENTRY--CORPORATE NAME
Corporate name or jurisdiction name as entry element Servicio Nacional de Capacitación para la Industria de la Construcción.
Subordinate unit Escuela Superior Técnica
9 (RLIN) 1065
910 ## - USER-OPTION DATA (OCLC)
-- hfp
-- hfp
942 ## - ADDED ENTRY ELEMENTS (KOHA)
Koha item type Monografía de Titulación
Source of classification or shelving scheme Dewey Decimal Classification
Existencias
Fecha de la última vez que lo usaron Número de ingreso o de inventario Pago total Signatura topográfica completa Precio efectivo desde Tipo de documento Estado perdido Sistema de clasificación Estado dañado No es para préstamo Retirado Ubicación permanente Ubicación actual Fecha de adquisición
04/07/2023 I-00059   I/TOP/2017/C93 04/07/2023 Monografía de Titulación   Dewey Decimal Classification       Biblioteca Central Lima Biblioteca Central Lima 04/07/2023